[Event "DEM U14 2016"]
[Site "Willingen GER"]
[Date "2016.05.17"]
[Round "5"]
[White "Pysarenko, Kyrill"]
[Black "Biermann, Florian"]
[Result "1/2-1/2"]
[Termination "normal"]
[Board "20"]
[WhiteElo "1718"]
[BlackElo "1964"]
[PlyCount "149"]
[WhiteFideId "12974250"]
[BlackFideId "12970069"]
[EventCountry "GER"]
[EventRounds "9"]
[EventType "swiss"]
[EventDate "2016.05.14"]

1. e4 c5 2. Nf3 e6 3. c4 a6 4. Nc3 Qc7 5. Be2 d6 6. O-O Nf6 7. d4 cxd4 8. Nxd4
Nbd7 9. Be3 b6 10. f3 Bb7 11. Nb3 Be7 12. a4 O-O 13. a5 Rac8 14. Qd2 Rfd8 15.
Na4 bxa5 16. Nxa5 d5 17. Nxb7 Qxb7 18. cxd5 exd5 19. exd5 Nc5 20. Nxc5 Bxc5 21.
Bxc5 Rxc5 22. Bxa6 Qb6 23. Qf2 Qc7 24. Be2 Rc2 25. Rab1 Nxd5 26. Rfe1 Nf4 27.
Qe3 g6 28. Bf1 Rdd2 29. g3 Nh3+ 30. Bxh3 Rxh2 31. f4 Rxh3 32. Rbc1 Rhh2 33.
Rxc2 Qxc2 34. Qf3 Qxb2 35. Kf1 h5 36. Re2 Qxe2+ 37. Qxe2 Rxe2 38. Kxe2 f6 39.
Kf3 Kf7 40. Kg2 Ke6 41. Kh3 Kf5 42. Kh4 Ke4 43. Kh3 Kf3 44. Kh4 Kg2 45. g4 hxg4
46. Kxg4 Kf2 47. f5 g5 48. Kh5 Ke3 49. Kg6 g4 50. Kxf6 g3 51. Ke7 g2 52. f6
g1=Q 53. f7 Qg7 54. Ke8 Qe5+ 55. Kf8 Qh8+ 56. Ke7 Qh4+ 57. Ke8 Qh5 58. Ke7 Qh7
59. Ke8 Qg6 60. Ke7 Qg7 61. Ke8 Qe5+ 62. Kd8 Qf6+ 63. Ke8 Qe6+ 64. Kf8 Kf4 65.
Kg7 Qd7 66. Kh8 Qd8+ 67. Kg7 Qe7 68. Kg8 Qe6 69. Kg7 Qd7 70. Kh8 Qh3+ 71. Kg8
Qg4+ 72. Kh8 Qh5+ 73. Kg8 Qd5 74. Kg7 Qd7 75. Kh8 1/2-1/2

[Event "DEM U14 2016"]
[Site "Willingen GER"]
[Date "2016.05.17"]
[Round "5"]
[White "Bajorski, Marius"]
[Black "Biermann, Lenhard"]
[Result "0-1"]
[Termination "normal"]
[Board "21"]
[WhiteElo "1793"]
[BlackElo "1711"]
[PlyCount "148"]
[WhiteFideId "12938831"]
[BlackFideId "12970077"]
[EventCountry "GER"]
[EventRounds "9"]
[EventType "swiss"]
[EventDate "2016.05.14"]

1. e4 e6 2. d4 d5 3. Nd2 Nf6 4. e5 Nfd7 5. Bd3 c5 6. c3 Nc6 7. Ne2 cxd4 8. cxd4
f6 9. exf6 Nxf6 10. Nf3 Bd6 11. O-O Qc7 12. Bd2 O-O 13. Rc1 Bd7 14. Ng3 Qb6 15.
Bc3 Kh8 16. Re1 Rae8 17. Ng5 Bf4 18. Bd2 Bxd2 19. Qxd2 Qxd4 20. Ne2 Qb4 21. Qc2
h6 22. Nh7 Nxh7 23. Bxh7 e5 24. Bg6 Re7 25. Bh5 Qh4 26. Ng3 Nd4 27. Qc5 Nf5 28.
Rxe5 Rxe5 29. Qxf8+ Kh7 30. Nxf5 Rxf5 31. Qc5 Rxh5 32. Qc2+ Bf5 33. Qc7 Qg5 34.
Re1 Be4 35. Qg3 Qxg3 36. hxg3 Rf5 37. f3 Bd3 38. g4 Rf7 39. Rd1 Bc4 40. b3 Bb5
41. Rxd5 Bc6 42. Rd2 Rd7 43. Re2 Kg6 44. Kf2 Kf6 45. Kg3 Rd3 46. Kf4 Rd4+ 47.
Kg3 Bb5 48. Rc2 Ke6 49. Kh3 Kd6 50. Kh2 Rd5 51. Kg3 Re5 52. Kf2 Rd5 53. Ke3
Rd3+ 54. Ke4 Rd1 55. Ke3 Re1+ 56. Kf2 Rd1 57. Ke3 b6 58. Kf4 Re1 59. g5 hxg5+
60. Kxg5 Re5+ 61. Kf4 Re2 62. Rxe2 Bxe2 63. Kg5 Bd3 64. f4 Ke6 65. g4 Kf7 66.
a3 Ke7 67. f5 Be2 68. Kf4 Kd6 69. g5 Bd1 70. b4 Bc2 71. g6 Bd3 72. a4 Bc2 73.
a5 b5 74. Kg4 Ke5 0-1

[Event "DEM U14 2016"]
[Site "Willingen GER"]
[Date "2016.05.17"]
[Round "5"]
[White "Yankelevich, Michael"]
[Black "Roth, Jakob"]
[Result "0-1"]
[Termination "normal"]
[Board "22"]
[WhiteElo "1960"]
[BlackElo "1847"]
[PlyCount "72"]
[WhiteFideId "12921440"]
[BlackFideId "12952605"]
[EventCountry "GER"]
[EventRounds "9"]
[EventType "swiss"]
[EventDate "2016.05.14"]

1. e4 e6 2. d4 d5 3. Nc3 Nf6 4. exd5 exd5 5. Bg5 c6 6. Bd3 Bd6 7. Nge2 Nbd7 8.
Qd2 O-O 9. f3 Qc7 10. O-O-O b5 11. Ng3 h6 12. Be3 Nb6 13. b3 a5 14. Nf5 Bxf5
15. Bxf5 a4 16. g4 Rfb8 17. h4 Nc4 18. Qd3 Nxe3 19. Rde1 Ng2 20. Reg1 Nf4 21.
Qd1 axb3 22. cxb3 Qa5 23. Qd2 Qxc3+ 24. Qxc3 Ne2+ 25. Kc2 Nxc3 26. Kxc3 Rxa2
27. g5 Bf4 28. b4 Rba8 29. Bc2 Nd7 30. Bb3 R8a3 31. Rb1 Nb6 32. Rhd1 Na4+ 33.
Kd3 Rf2 34. gxh6 Bxh6 35. f4 Bxf4 36. h5 Bh6 0-1

[Event "DEM U14 2016"]
[Site "Willingen GER"]
[Date "2016.05.17"]
[Round "5"]
[White "Rauch, Arwid"]
[Black "Gutschenreiter, Donato"]
[Result "0-1"]
[Termination "normal"]
[Board "23"]
[WhiteElo "1560"]
[BlackElo "1870"]
[PlyCount "58"]
[WhiteFideId "16215923"]
[BlackFideId "12975540"]
[EventCountry "GER"]
[EventRounds "9"]
[EventType "swiss"]
[EventDate "2016.05.14"]

1. e4 c5 2. Nf3 d6 3. d4 cxd4 4. Nxd4 Nf6 5. Nc3 g6 6. Be3 Bg7 7. Be2 O-O 8. f4
Nc6 9. O-O Bd7 10. Qe1 Nxe4 11. Nxc6 Bxc6 12. Nxe4 Bxe4 13. c3 b6 14. Bf3 Bxf3
15. Rxf3 Rc8 16. Rh3 Qd7 17. Qh4 h5 18. Bd4 Bxd4+ 19. cxd4 Qg4 20. Qxg4 hxg4
21. Rg3 f5 22. Re1 Kf7 23. Rge3 Rfe8 24. g3 Rc4 25. Rd1 Rc2 26. Ra3 Rh8 27.
Rxa7 Rcxh2 28. Rd3 Rh1+ 29. Kf2 R8h2+ 0-1

[Event "DEM U14 2016"]
[Site "Willingen GER"]
[Date "2016.05.20"]
[Round "8"]
[White "Kopylov, Daniel"]
[Black "Engel, Luis"]
[Result "0-1"]
[Termination "normal"]
[Board "1"]
[WhiteElo "2098"]
[BlackElo "2223"]
[WhiteClock "00:02:48"]
[BlackClock "00:15:10"]
[PlyCount "140"]
[WhiteFideId "12921971"]
[BlackFideId "12961523"]
[EventCountry "GER"]
[EventRounds "9"]
[EventType "swiss"]
[EventDate "2016.05.14"]

1. e4 c5 2. Nf3 d6 3. d4 cxd4 4. Nxd4 Nf6 5. Nc3 a6 6. Be2 e5 7. Nb3 Be7 8. Be3
O-O 9. O-O Be6 10. Qd2 Nbd7 11. a4 Nb6 12. a5 Nc4 13. Bxc4 Bxc4 14. Rfd1 Rc8
15. f3 Qc7 16. Nc1 d5 17. Nxd5 Bxd5 18. exd5 Nxd5 19. Nd3 Qxc2 20. Qxc2 Rxc2
21. Bf2 Rd8 22. Nxe5 Rxb2 23. Nc4 Rb5 24. Nb6 Nc3 25. Rxd8+ Bxd8 26. Kf1 Bxb6
27. Bxb6 Nd5 28. Bd8 f6 29. Rc1 Kf7 30. Re1 g5 31. g3 Rb3 32. Kg2 Rb2+ 33. Kg1
h6 34. Kh1 Rf2 35. Rb1 Ke8 36. Rd1 Kxd8 37. Rxd5+ Ke8 38. Rd3 Rb2 39. Kg1 Rb5
40. Ra3 Kd7 41. g4 f5 42. Kg2 fxg4 43. fxg4 Kc6 44. Rc3+ Rc5 45. Ra3 Kb5 46.
Rb3+ Kxa5 47. Rxb7 Rb5 48. Ra7 Rb6 49. Kg3 Kb4 50. Kf3 a5 51. Ke3 Rd6 52. Ke4
a4 53. Ke5 Rd2 54. Rb7+ Kc3 55. Ra7 Kb3 56. Rb7+ Ka2 57. h4 gxh4 58. Rh7 Rg2
59. Kf5 h3 60. Rxh6 h2 61. g5 a3 62. g6 Kb1 63. g7 Rxg7 64. Rxh2 a2 65. Rh1+
Kb2 66. Rh2+ Kb3 67. Rh3+ Kb4 68. Rh4+ Kb5 69. Rh1 Ra7 70. Ra1 Kc4 0-1

[Event "DEM U14 2016"]
[Site "Willingen GER"]
[Date "2016.05.20"]
[Round "8"]
[White "Zimmer, Raphael"]
[Black "Schmider, Niklas"]
[Result "1-0"]
[Termination "normal"]
[Board "2"]
[WhiteElo "2091"]
[BlackElo "2023"]
[WhiteClock "00:10:12"]
[BlackClock "00:05:19"]
[PlyCount "108"]
[WhiteFideId "12978841"]
[BlackFideId "12993778"]
[EventCountry "GER"]
[EventRounds "9"]
[EventType "swiss"]
[EventDate "2016.05.14"]

1. e4 c5 2. Nf3 d6 3. d4 cxd4 4. Nxd4 Nf6 5. f3 e5 6. Nb3 d5 7. Bg5 Be6 8. Bb5+
Nc6 9. exd5 Qxd5 10. Qxd5 Nxd5 11. O-O f6 12. Bd2 O-O-O 13. Bc4 Bf5 14. Rc1
Ndb4 15. Na3 Kb8 16. Be1 Be7 17. Bf2 b6 18. c3 Nd3 19. Bxd3 Rxd3 20. Nc2 Rhd8
21. Ne3 Be6 22. Rd1 f5 23. Rxd3 Rxd3 24. Rd1 Rxd1+ 25. Nxd1 f4 26. Nc1 b5 27.
Kf1 a5 28. Ke1 h5 29. a3 g5 30. Nd3 g4 31. Bc5 Bh4+ 32. Kd2 Kc7 33. N1f2 Bd5
34. Ne4 Kd7 35. Bf8 Ke6 36. Bg7 Be7 37. Ke2 Bc4 38. Kd2 Kf5 39. h3 gxf3 40.
gxf3 Bxd3 41. Kxd3 Nb8 42. c4 bxc4+ 43. Kxc4 Nd7 44. Kb5 Bd8 45. Kc6 Nb6 46.
Nd6+ Ke6 47. Nb7 Nc4 48. Nxd8+ Kf5 49. Nf7 Nxb2 50. Nxe5 Nd1 51. Kb5 Nf2 52. h4
Ke6 53. Kxa5 Kd6 54. Kb6 Kd5 1-0

[Event "DEM U14 2016"]
[Site "Willingen GER"]
[Date "2016.05.20"]
[Round "8"]
[White "Wong, Gengchun"]
[Black "Roseneck, Jonas"]
[Result "1/2-1/2"]
[Termination "normal"]
[Board "3"]
[WhiteElo "2077"]
[BlackElo "2011"]
[WhiteClock "00:12:09"]
[BlackClock "00:13:16"]
[PlyCount "106"]
[WhiteFideId "12963283"]
[BlackFideId "12939870"]
[EventCountry "GER"]
[EventRounds "9"]
[EventType "swiss"]
[EventDate "2016.05.14"]

1. e4 c5 2. Nf3 d6 3. d4 cxd4 4. Nxd4 Nf6 5. Nc3 Nc6 6. Bg5 e6 7. Qd2 Be7 8.
O-O-O a6 9. f3 Nxd4 10. Qxd4 b5 11. h4 Qa5 12. a3 Rb8 13. Bd2 Qc7 14. g4 Qc5
15. Qd3 b4 16. axb4 Qxb4 17. b3 Qa3+ 18. Kb1 Nd7 19. Bc1 Qb4 20. Qc4 Qa5 21.
Bd2 Ne5 22. Qe2 Qc5 23. f4 Nc6 24. Qc4 Qxc4 25. Bxc4 Bb7 26. g5 Kd7 27. Kb2 h6
28. Ne2 g6 29. Bc3 Rh7 30. Ng3 Na7 31. f5 exf5 32. Rhf1 hxg5 33. exf5 gxh4 34.
Ne2 Nb5 35. fxg6 fxg6 36. Be5 Kc7 37. Bh2 g5 38. Bd3 Rg7 39. c4 Na7 40. Nd4 Bc8
41. c5 g4 42. cxd6+ Bxd6 43. Rc1+ Kd7 44. Bf5+ Ke7 45. Bxc8 Bxh2 46. Nf5+ Kf6
47. Nxg7+ Kxg7 48. Bxg4 Be5+ 49. Ka2 Nb5 50. Be6 Nc3+ 51. Ka3 Nb5+ 52. Ka2 Nc3+
53. Ka3 Nb5+ 1/2-1/2

[Event "DEM U14 2016"]
[Site "Willingen GER"]
[Date "2016.05.20"]
[Round "8"]
[White "Färber, David"]
[Black "Baltic, Fatih"]
[Result "1-0"]
[Termination "normal"]
[Board "4"]
[WhiteElo "2117"]
[BlackElo "2163"]
[WhiteClock "00:11:05"]
[BlackClock "00:02:15"]
[PlyCount "71"]
[WhiteFideId "12971294"]
[BlackFideId "12979090"]
[EventCountry "GER"]
[EventRounds "9"]
[EventType "swiss"]
[EventDate "2016.05.14"]

1. e4 c5 2. Nf3 e6 3. d4 cxd4 4. Nxd4 Nc6 5. Nc3 Qc7 6. Be3 a6 7. Bd3 Nf6 8.
O-O Be7 9. Qe2 Ne5 10. f4 Nxd3 11. cxd3 d6 12. Rac1 Qb8 13. Kh1 g6 14. a4 Bd7
15. a5 Kf8 16. f5 Kg7 17. fxe6 fxe6 18. Nf3 Ng4 19. Ng5 Nf6 20. d4 h6 21. Nf3
Qe8 22. e5 Ng4 23. Bd2 d5 24. h3 h5 25. Kg1 Nh6 26. Bxh6+ Rxh6 27. Qd2 Qd8 28.
h4 Rh8 29. Ng5 Bxg5 30. hxg5 Rf8 31. Rf6 Rxf6 32. gxf6+ Kf7 33. Ne2 Rc8 34.
Rxc8 Qxc8 35. Qh6 Qg8 36. Nf4 1-0

[Event "DEM U14 2016"]
[Site "Willingen GER"]
[Date "2016.05.20"]
[Round "8"]
[White "Biastoch, Bennet"]
[Black "Wierzbicki, Jirawat"]
[Result "1-0"]
[Termination "normal"]
[Board "5"]
[WhiteElo "2105"]
[BlackElo "2071"]
[WhiteClock "00:14:44"]
[BlackClock "00:23:11"]
[PlyCount "61"]
[WhiteFideId "12939889"]
[BlackFideId "1153579"]
[EventCountry "GER"]
[EventRounds "9"]
[EventType "swiss"]
[EventDate "2016.05.14"]

1. e4 e5 2. Nf3 Nc6 3. Bb5 a6 4. Ba4 Nf6 5. O-O Be7 6. Re1 b5 7. Bb3 d6 8. c3
O-O 9. h3 Na5 10. Bc2 c5 11. d4 Qc7 12. Nbd2 Be6 13. Nf1 Rfc8 14. d5 Bd7 15. b3
Nb7 16. g4 Ne8 17. Ng3 g6 18. Kh2 Ng7 19. Rg1 c4 20. b4 a5 21. Bh6 Nd8 22. Qd2
Bf8 23. Nf5 Bxf5 24. gxf5 Be7 25. Bg5 Ne8 26. h4 Ra7 27. h5 axb4 28. hxg6 f6
29. Be3 Rb7 30. gxh7+ Kxh7 31. Rg6 1-0

[Event "DEM U14 2016"]
[Site "Willingen GER"]
[Date "2016.05.20"]
[Round "8"]
[White "Suvorov, Alexander"]
[Black "Mantel, Ruben"]
[Result "1/2-1/2"]
[Termination "normal"]
[Board "6"]
[WhiteElo "2086"]
[BlackElo "1925"]
[WhiteClock "00:26:14"]
[BlackClock "00:29:36"]
[PlyCount "104"]
[WhiteFideId "12977063"]
[BlackFideId "12930121"]
[EventCountry "GER"]
[EventRounds "9"]
[EventType "swiss"]
[EventDate "2016.05.14"]

1. b3 d5 2. Bb2 Nf6 3. e3 Bf5 4. Nf3 e6 5. Be2 Bd6 6. O-O Nbd7 7. d3 c6 8. Nbd2
e5 9. Re1 e4 10. dxe4 dxe4 11. Nd4 Bg6 12. Nf1 Bc7 13. Ba3 a6 14. b4 O-O 15.
Ng3 Re8 16. Qd2 a5 17. b5 c5 18. Ndf5 Be5 19. Rab1 Qc7 20. Nh4 Nb6 21. Bb2 Red8
22. Qc1 Na4 23. Bxe5 Qxe5 24. Nxg6 hxg6 25. Rb3 Nc3 26. Qb2 Nfd5 27. a4 Nxe2+
28. Nxe2 Qxb2 29. Rxb2 Nb4 30. Nc3 f5 31. Kf1 Rd2 32. Re2 Rd6 33. Ke1 Rad8 34.
Rb1 b6 35. Rd1 Rxd1+ 36. Nxd1 Kf7 37. Rd2 Rxd2 38. Kxd2 Ke6 39. Nc3 Nd5 40.
Nxd5 Kxd5 41. Kc3 g5 42. Kb3 c4+ 43. Kb2 Kc5 44. c3 Kd5 45. Kc2 Ke5 46. Kd2 f4
47. Ke2 Kf5 48. Kf1 Kg4 49. Kg1 g6 50. Kf1 Kh4 51. Kg1 Kg4 52. Kf1 Kf5 1/2-1/2

[Event "DEM U14 2016"]
[Site "Willingen GER"]
[Date "2016.05.20"]
[Round "8"]
[White "Mätzkow, Maximilian Paul"]
[Black "Holinka, Henning"]
[Result "1/2-1/2"]
[Termination "normal"]
[Board "7"]
[WhiteElo "2161"]
[BlackElo "2011"]
[WhiteClock "00:09:45"]
[BlackClock "00:12:20"]
[PlyCount "98"]
[WhiteFideId "24679933"]
[BlackFideId "12967084"]
[EventCountry "GER"]
[EventRounds "9"]
[EventType "swiss"]
[EventDate "2016.05.14"]

1. d4 g6 2. e4 Bg7 3. Nc3 a6 4. f4 d6 5. Nf3 b5 6. Bd3 Nd7 7. e5 c5 8. Ne4 dxe5
9. dxe5 c4 10. Be2 Nh6 11. Nd4 O-O 12. Bf3 Bb7 13. O-O Nb6 14. c3 Qc7 15. Kh1
Rfd8 16. Qe1 b4 17. Qh4 Nd5 18. Bd2 Bc8 19. Rad1 Rb8 20. cxb4 Nf5 21. Nxf5 Bxf5
22. Nc5 Qa7 23. a3 a5 24. Qf2 axb4 25. axb4 Qb6 26. Bc3 Nxb4 27. Bxb4 Rxd1 28.
Bxd1 Qxb4 29. Na6 Qxb2 30. Nxb8 Qxb8 31. Bc2 Be6 32. h3 f6 33. Qc5 Qb7 34. Ba4
Bd5 35. Qf2 fxe5 36. fxe5 h6 37. Bc2 Be4 38. Bxe4 Qxe4 39. Re1 Qd5 40. Qg3 Qd2
41. Qe3 Qxe3 42. Rxe3 h5 43. Rc3 Bxe5 44. Rxc4 Kf7 45. Kg1 Kf6 46. Kf2 g5 47.
Kf3 Bf4 48. Ke4 Bd6 49. Ra4 g4 1/2-1/2

[Event "DEM U14 2016"]
[Site "Willingen GER"]
[Date "2016.05.20"]
[Round "8"]
[White "Pajeken, Jakob Leon"]
[Black "Pfreundt, Mathis"]
[Result "1/2-1/2"]
[Termination "normal"]
[Board "8"]
[WhiteElo "2066"]
[BlackElo "1851"]
[WhiteClock "00:45:53"]
[BlackClock "00:48:38"]
[PlyCount "65"]
[WhiteFideId "12942839"]
[BlackFideId "12967092"]
[EventCountry "GER"]
[EventRounds "9"]
[EventType "swiss"]
[EventDate "2016.05.14"]

1. e4 e6 2. d4 d5 3. Nc3 dxe4 4. Nxe4 Bd7 5. Nf3 Bc6 6. Bd3 Nd7 7. Qe2 Ngf6 8.
O-O Be7 9. c4 Bxe4 10. Bxe4 c6 11. Bd2 O-O 12. Bc3 Nxe4 13. Qxe4 Bf6 14. Rad1
Qc7 15. Rfe1 Rfd8 16. Qe3 Nf8 17. Ne5 Ng6 18. g3 Nxe5 19. dxe5 Be7 20. a3 Rd7
21. Bb4 Bxb4 22. axb4 Rad8 23. Rxd7 Qxd7 24. Qxa7 Qd2 25. Ra1 Qxb4 26. Qa5 Qxa5
27. Rxa5 g5 28. Ra7 b5 29. Rc7 bxc4 30. Rxc6 Rd4 31. Kf1 Kg7 32. Ke2 Kg6 33.
Rc7 1/2-1/2

[Event "DEM U14 2016"]
[Site "Willingen GER"]
[Date "2016.05.20"]
[Round "8"]
[White "Tong, Kevin"]
[Black "Suvorov, Luca"]
[Result "1/2-1/2"]
[Termination "normal"]
[Board "9"]
[WhiteElo "2037"]
[BlackElo "1995"]
[WhiteClock "00:05:18"]
[BlackClock "00:19:11"]
[PlyCount "98"]
[WhiteFideId "12913944"]
[BlackFideId "12977071"]
[EventCountry "GER"]
[EventRounds "9"]
[EventType "swiss"]
[EventDate "2016.05.14"]

1. e4 c6 2. d4 d5 3. exd5 cxd5 4. Bd3 Nc6 5. c3 Qc7 6. Ne2 Bg4 7. f3 Bd7 8. Bf4
e5 9. dxe5 Nxe5 10. Bc2 Nf6 11. Bb3 Bc6 12. O-O Bd6 13. Nd4 O-O 14. Bg5 Ned7
15. f4 h6 16. Bxf6 Nxf6 17. g3 Bd7 18. Qd3 Bc5 19. Nd2 Qb6 20. Kg2 Bxd4 21.
Qxd4 Qxd4 22. cxd4 Rfe8 23. Rfe1 Bf5 24. Rac1 Rad8 25. Kf3 Be4+ 26. Kf2 Rc8 27.
Rxc8 Rxc8 28. Nxe4 dxe4 29. h3 Kf8 30. g4 g5 31. Ke3 Ke7 32. Rf1 Rc7 33. Kd2
Rd7 34. Ke3 Rc7 35. a3 Rc8 36. Rd1 Rg8 37. Rc1 Kd6 38. f5 Rf8 39. Rc3 h5 40.
gxh5 Nxh5 41. Kxe4 Rh8 42. Bxf7 Nf6+ 43. Kf3 Rxh3+ 44. Kg2 Rh4 45. Rd3 Rg4+ 46.
Kh3 Rh4+ 47. Kg2 Rg4+ 48. Kh3 Rh4+ 49. Kg2 Rg4+ 1/2-1/2

[Event "DEM U14 2016"]
[Site "Willingen GER"]
[Date "2016.05.20"]
[Round "8"]
[White "Preißler, Niklas"]
[Black "Oganessjan, Artur"]
[Result "0-1"]
[Termination "normal"]
[Board "10"]
[WhiteElo "1909"]
[BlackElo "1990"]
[WhiteClock "00:28:48"]
[BlackClock "01:14:09"]
[PlyCount "96"]
[WhiteFideId "12927554"]
[BlackFideId "12986062"]
[EventCountry "GER"]
[EventRounds "9"]
[EventType "swiss"]
[EventDate "2016.05.14"]

1. d4 Nf6 2. Nf3 e6 3. Bf4 c5 4. e3 Nc6 5. c3 Be7 6. Nbd2 Nh5 7. Bg3 Nxg3 8.
hxg3 Qc7 9. Bd3 h6 10. Qe2 b6 11. a3 Bb7 12. Ba6 Bxa6 13. Qxa6 d5 14. Qd3 O-O-O
15. O-O-O c4 16. Qc2 f5 17. Kb1 b5 18. b4 a5 19. Qb2 Kd7 20. Kc2 Ra8 21. Ra1
Ra7 22. Rhb1 Rha8 23. Kd1 Ke8 24. Ne1 e5 25. dxe5 Nxe5 26. Ndf3 Nxf3 27. Nxf3
Bf6 28. Kd2 Kf7 29. Re1 Qd6 30. Nd4 Bxd4 31. exd4 f4 32. g4 Qg6 33. Qb1 Qxg4
34. Re5 Kg8 35. Qf5 Qxg2 36. Rae1 Rf8 37. Qe6+ Kh8 38. Rxd5 axb4 39. Qd6 bxc3+
40. Kxc3 Rfa8 41. Rxb5 Rxa3+ 42. Kxc4 R3a4+ 43. Rb4 Rc8+ 44. Kb3 Rxb4+ 45. Qxb4
Qxf2 46. Ka3 Ra8+ 47. Kb3 Qa2+ 48. Kc3 Ra3+ 0-1

[Event "DEM U14 2016"]
[Site "Willingen GER"]
[Date "2016.05.20"]
[Round "8"]
[White "Roho, Kevin"]
[Black "Stork, Oliver"]
[Result "0-1"]
[Termination "normal"]
[Board "11"]
[WhiteElo "1859"]
[BlackElo "1952"]
[WhiteClock "00:05:23"]
[BlackClock "00:05:06"]
[PlyCount "68"]
[WhiteFideId "12973734"]
[BlackFideId "12955728"]
[EventCountry "GER"]
[EventRounds "9"]
[EventType "swiss"]
[EventDate "2016.05.14"]

1. e4 c6 2. d4 d5 3. exd5 cxd5 4. c4 Nf6 5. Nc3 e6 6. Bg5 Be7 7. c5 Nc6 8. Nf3
O-O 9. Bb5 Bd7 10. O-O b6 11. Qa4 Qc7 12. b4 a5 13. cxb6 Qxb6 14. bxa5 Rxa5 15.
Qb3 Ra3 16. Qb2 Na7 17. Rfb1 Rb8 18. Ne5 Bxb5 19. Bxf6 gxf6 20. Nd7 Bxd7 21.
Qxb6 Rxb6 22. Rxb6 Rxc3 23. Rb7 Ba3 24. Rxa7 Bb5 25. f3 Bb2 26. Rd1 Rc2 27.
Ra8+ Kg7 28. a4 Be2 29. Rb1 Bxd4+ 30. Kh1 Bc4 31. h3 Ra2 32. Rc1 Be3 33. Rb1 d4
34. a5 d3 0-1

[Event "DEM U14 2016"]
[Site "Willingen GER"]
[Date "2016.05.20"]
[Round "8"]
[White "Bui, Hai Lam"]
[Black "Hoffmann, Lennard"]
[Result "0-1"]
[Termination "normal"]
[Board "12"]
[WhiteElo "2025"]
[BlackElo "1867"]
[WhiteClock "00:07:47"]
[BlackClock "00:07:07"]
[PlyCount "60"]
[WhiteFideId "12975737"]
[BlackFideId "12943495"]
[EventCountry "GER"]
[EventRounds "9"]
[EventType "swiss"]
[EventDate "2016.05.14"]

1. e4 c5 2. Nf3 d6 3. d4 cxd4 4. Nxd4 Nf6 5. Nc3 a6 6. Bg5 e6 7. Qe2 Be7 8. f4
Nbd7 9. O-O-O Qc7 10. g4 Nb6 11. Kb1 Bd7 12. e5 dxe5 13. fxe5 Nfd5 14. Nxd5
Nxd5 15. Bxe7 Nxe7 16. Bg2 Nc6 17. Nf3 O-O-O 18. Rd3 Kb8 19. Rb3 Rc8 20. Qe4
Na5 21. Rc3 Qb6 22. Rd3 Rc4 23. Qe1 Rhc8 24. Qc1 Bc6 25. h3 Be4 26. Ne1 Rxc2
27. Qxc2 Rxc2 28. Kxc2 Qf2+ 29. Kc3 Qc5+ 30. Kd2 Nc4+ 0-1

[Event "DEM U14 2016"]
[Site "Willingen GER"]
[Date "2016.05.20"]
[Round "8"]
[White "Biermann, Florian"]
[Black "Stelmaszyk, Nico"]
[Result "1/2-1/2"]
[Termination "normal"]
[Board "13"]
[WhiteElo "1964"]
[BlackElo "1778"]
[WhiteClock "00:04:05"]
[BlackClock "00:24:07"]
[PlyCount "99"]
[WhiteFideId "12970069"]
[BlackFideId "16200462"]
[EventCountry "GER"]
[EventRounds "9"]
[EventType "swiss"]
[EventDate "2016.05.14"]

1. g3 e5 2. c4 Nf6 3. Bg2 d5 4. cxd5 Nxd5 5. Nf3 Nc6 6. O-O Be7 7. Nc3 Nxc3 8.
bxc3 O-O 9. d4 exd4 10. cxd4 Bf5 11. Re1 Bb4 12. Bd2 Re8 13. Rc1 Bxd2 14. Qxd2
Be4 15. Red1 Ne7 16. Ne5 Bxg2 17. Kxg2 Qd5+ 18. f3 c6 19. e4 Qe6 20. Qb2 Rab8
21. f4 f5 22. Qc2 fxe4 23. a4 Qd5 24. Re1 Nf5 25. Qxe4 Red8 26. Rcd1 c5 27.
Qxd5+ Rxd5 28. g4 Nxd4 29. Nf3 Nxf3 30. Kxf3 Rxd1 31. Rxd1 a6 32. Rc1 Rc8 33.
a5 Kf7 34. Ke4 Ke6 35. Rb1 Rc7 36. Rb6+ Kd7 37. Kd3 c4+ 38. Kc3 Kc8 39. Rb4 Kd7
40. Rb6 Ke7 41. h4 Kd7 42. h5 Ke7 43. g5 Kf8 44. h6 gxh6 45. Rxh6 Rf7 46. Rh4
Kg7 47. Kxc4 Rf5 48. Kb4 Rb5+ 49. Ka4 Rf5 50. Kb4 1/2-1/2

[Event "DEM U14 2016"]
[Site "Willingen GER"]
[Date "2016.05.20"]
[Round "8"]
[White "Brunner, Jan"]
[Black "von Estorff, Jacob"]
[Result "1-0"]
[Termination "normal"]
[Board "14"]
[WhiteElo "1963"]
[BlackElo "1876"]
[WhiteClock "00:08:54"]
[BlackClock "00:07:19"]
[PlyCount "95"]
[WhiteFideId "12981010"]
[BlackFideId "12974501"]
[EventCountry "GER"]
[EventRounds "9"]
[EventType "swiss"]
[EventDate "2016.05.14"]

1. d4 d5 2. c4 e6 3. Nf3 Nf6 4. g3 Be7 5. Bg2 O-O 6. O-O Re8 7. Qc2 Ne4 8. Rd1
Nd7 9. Nfd2 Nxd2 10. Nxd2 Nf6 11. e4 dxe4 12. Nxe4 c6 13. b3 Nxe4 14. Bxe4 g6
15. Bb2 Bf6 16. Bg2 Qa5 17. Bc3 Qh5 18. f4 Rb8 19. Re1 Bd7 20. a4 Bg7 21. Rad1
b6 22. Kh1 Rbd8 23. Bb4 c5 24. dxc5 Bf8 25. Re5 f5 26. Rde1 bxc5 27. Bxc5 Bxc5
28. Rxc5 Rc8 29. Rxc8 Rxc8 30. Qc3 Bc6 31. Qe5 Bxg2+ 32. Kxg2 Re8 33. c5 g5 34.
c6 gxf4 35. Qxf4 Qg4 36. Qd6 f4 37. Qxf4 Qxf4 38. gxf4 Kf7 39. b4 Kf6 40. b5
Rc8 41. Rd1 Rc7 42. Rd7 Rxd7 43. cxd7 Ke7 44. Kf3 Kxd7 45. Ke4 Kd6 46. a5 Kc5
47. b6 axb6 48. axb6 1-0

[Event "DEM U14 2016"]
[Site "Willingen GER"]
[Date "2016.05.20"]
[Round "8"]
[White "Röhr, Tobias"]
[Black "Meric, Geoffrey"]
[Result "1-0"]
[Termination "normal"]
[Board "15"]
[WhiteElo "1898"]
[BlackElo "1873"]
[WhiteClock "01:16:28"]
[BlackClock "00:34:57"]
[PlyCount "43"]
[WhiteFideId "12963089"]
[BlackFideId "26092891"]
[EventCountry "GER"]
[EventRounds "9"]
[EventType "swiss"]
[EventDate "2016.05.14"]

1. d4 Nf6 2. c4 g6 3. Nc3 Bg7 4. e4 d6 5. Nf3 O-O 6. h3 e5 7. d5 Nbd7 8. Be3
Ne8 9. g4 f5 10. gxf5 gxf5 11. exf5 Ndf6 12. Bd3 e4 13. Nxe4 Nxe4 14. Bxe4 Bxf5
15. Bxf5 Rxf5 16. Nd4 Re5 17. Qf3 Qh4 18. O-O-O Re4 19. Rhg1 Kh8 20. Bg5 Bh6
21. Kb1 Bxg5 22. Qf8# 1-0

[Event "DEM U14 2016"]
[Site "Willingen GER"]
[Date "2016.05.20"]
[Round "8"]
[White "Pölt, Christoph"]
[Black "Mühlpfordt, Thomas"]
[Result "1-0"]
[Termination "normal"]
[Board "16"]
[WhiteElo "1767"]
[BlackElo "1707"]
[PlyCount "137"]
[WhiteFideId "12960853"]
[BlackFideId "12986623"]
[EventCountry "GER"]
[EventRounds "9"]
[EventType "swiss"]
[EventDate "2016.05.14"]

1. d4 d5 2. c4 c6 3. Nf3 Nf6 4. Nc3 e6 5. g3 dxc4 6. Bg2 b5 7. Bg5 h6 8. Bxf6
Qxf6 9. Ne5 Bb4 10. O-O Bxc3 11. bxc3 Bb7 12. a4 Qe7 13. Qb1 a6 14. axb5 axb5
15. Rxa8 Bxa8 16. Nxc4 O-O 17. Ne5 Bb7 18. Qb3 Rc8 19. Ra1 Nd7 20. Nxd7 Qxd7
21. Ra7 Rc7 22. Qa3 g6 23. Qc5 Kh7 24. Rxb7 Rxb7 25. Bxc6 Qc7 26. Bxb7 Qxb7 27.
Qb4 Qd5 28. Qb1 e5 29. e3 e4 30. h4 Qc4 31. Qb4 Qd3 32. Qb2 Kg7 33. d5 Kh7 34.
d6 Qxd6 35. Qxb5 Qd1+ 36. Qf1 Qc2 37. Qa1 h5 38. Kg2 Qe2 39. Qc1 Qf3+ 40. Kg1
g5 41. hxg5 h4 42. gxh4 Qg4+ 43. Kf1 Qxh4 44. Qc2 Kg6 45. c4 Qh3+ 46. Ke1 Qe6
47. c5 Qc6 48. Qc3 Kf5 49. Qf6+ Qxf6 50. gxf6 Ke5 51. Ke2 Kd5 52. Kd2 Kc6 53.
Kc2 Kxc5 54. Kc3 Kd5 55. Kb4 Ke5 56. Kc5 Kxf6 57. Kd5 Ke7 58. Kxe4 Ke6 59. Kf4
Kf6 60. e4 Ke6 61. e5 Kd7 62. Kf5 Ke7 63. f3 Kd7 64. Kf6 Ke8 65. e6 fxe6 66.
Kxe6 Kf8 67. Kf6 Ke8 68. f4 Kf8 69. f5 1-0